000 00935nam a22002297a 4500
005 20100812162616.0
008 081119t xxu||||| |||| 00| 0 ur d
010 _aUR-7696
020 _a8189461710
_c400.00
035 _aU-6251
040 _aDPL
_bUR
082 _2842.08
100 _aرئیسہ پروین
_99405
245 _aبیسویں صدی کی اردو نظم پر آقبال کے اثرات /
_cرئیسہ پروین
246 _aMeri adabi aap biti (my literary autobiography)
_bby Charan Dass Sidhu
260 _aرہلی
_bکتابی دنیا
_c2009
270 _a1955, Gali Nawab Mirza, Turkman Gate
_bDelhi
_e110006
300 _a510 ص
_c22 س م (Hb)
650 _aLiterary autobiography
_99406
942 _2ddc
_cUR
_h842.08
_mس د ھ
999 _c41461
_d41461